Sports Quiz

Random Sports or Soccer Quiz

Teams Abel Xavier represented during his career? Quiz Stats

 Plays Quiz not verified by Sporcle

Score 0/13 Timer 05:00
0 Plays Today
Years Answer % Correct
1993-1995SL Benfica
100%
2001-2002Liverpool FC
100%
1998-1999PSV Eindhoven
80%
1999-2001Everton
80%
2002-2003Galatasaray SK
80%
1980-1988 (youth)Sporting CP
75%
2004-2005AS Roma
65%
2007-2008LA Galaxy
55%
2003-2004Hannover 96
40%
2005-2007Middlesbrough
40%
1995-1996Bari
35%
1996-1998Real Oviedo
30%
1989-1993Estrela da Amadora
20%

You're not logged in!

Compare scores with friends on all Sporcle quizzes.
OR
Log In

Sporcle TV

Today on Sporcle TV


Watch our educational content, quiz creation guides, and fun videos on Sporcle TV.

Show Comments

Extras

Top Quizzes Today


Score Distribution

Your Account Isn't Verified!

In order to create a playlist on Sporcle, you need to verify the email address you used during registration. Go to your Sporcle Settings to finish the process.

Report this User

Report this user for behavior that violates our Community Guidelines.

Details: